Statistics for 2016-17 UEFA Champions League Results

Click here to take the quiz!

General Stats

  • This quiz has been taken 656 times
  • The average score is 24 of 32

Answers on the Map

Answers color-coded by a green-red scale on the quiz's map according to % correct below.
 

Answer Stats

Club% Correct
๐Ÿ‡ช๐Ÿ‡ธReal Madrid
98%
๐Ÿ‡ช๐Ÿ‡ธBarcelona
97%
๐Ÿ‡ฉ๐Ÿ‡ชBayern Munich
96%
๐Ÿ‡ฎ๐Ÿ‡นJuventus
96%
๐Ÿด๓ ง๓ ข๓ ฅ๓ ฎ๓ ง๓ ฟManchester City
96%
๐Ÿ‡ช๐Ÿ‡ธAtlรฉtico Madrid
94%
๐Ÿ‡ซ๐Ÿ‡ทParis Saint-Germain
94%
๐Ÿ‡ฉ๐Ÿ‡ชBorussia Dortmund
93%
๐Ÿด๓ ง๓ ข๓ ฅ๓ ฎ๓ ง๓ ฟArsenal
89%
๐Ÿ‡ต๐Ÿ‡นBenfica
85%
๐Ÿ‡ต๐Ÿ‡นPorto
85%
๐Ÿด๓ ง๓ ข๓ ฅ๓ ฎ๓ ง๓ ฟTottenham Hotspur
84%
๐Ÿ‡ซ๐Ÿ‡ทMonaco
81%
๐Ÿ‡ช๐Ÿ‡ธSevilla
81%
๐Ÿ‡ซ๐Ÿ‡ทLyon
79%
๐Ÿ‡ฎ๐Ÿ‡นNapoli
79%
๐Ÿ‡ณ๐Ÿ‡ฑPSV Eindhoven
77%
๐Ÿด๓ ง๓ ข๓ ฅ๓ ฎ๓ ง๓ ฟLeicester City
76%
๐Ÿ‡ต๐Ÿ‡นSporting CP
76%
๐Ÿ‡ท๐Ÿ‡บCSKA Moscow
75%
๐Ÿด๓ ง๓ ข๓ ณ๓ ฃ๓ ด๓ ฟCeltic
71%
๐Ÿ‡ฉ๐Ÿ‡ชBayer 04 Leverkusen
68%
๐Ÿ‡ง๐Ÿ‡ชClub Brugge
65%
๐Ÿ‡จ๐Ÿ‡ญBasel
62%
๐Ÿ‡ญ๐Ÿ‡ทDinamo Zagreb
60%
๐Ÿ‡บ๐Ÿ‡ฆDynamo Kyiv
60%
๐Ÿ‡น๐Ÿ‡ทBeลŸiktaลŸ
59%
๐Ÿ‡ฉ๐Ÿ‡ฐCopenhagen
56%
๐Ÿ‡ฉ๐Ÿ‡ชBorussia Mรถnchengladbach
50%
๐Ÿ‡ต๐Ÿ‡ฑLegia Warsaw
48%
๐Ÿ‡ง๐Ÿ‡ฌLudogorets
40%
๐Ÿ‡ท๐Ÿ‡บRostov
27%

Score Distribution

Percentile by Number Answered

Percent of People with Each Score

Your Score History

You have not taken this quiz